Aranjuez / (Record no. 192230)

MARC details
000 -LEADER
campo de control de longitud fija 00934nam a2200241 i 4500
001 - NÚMERO DE CONTROL
campo de control 192230
003 - IDENTIFICADOR DE NÚMERO DE CONTROL
campo de control ES-MaACL
005 - FECHA Y HORA DE LA ÚLTIMA TRANSACCIÓN
campo de control 20250811104135.0
008 - DATOS DE LONGITUD FIJA--INFORMACIÓN GENERAL
campo de control de longitud fija 221122q19111928sp a | ||||o001 0 spa
080 ## - NÚMERO DE LA CLASIFICACIÓN DECIMAL UNIVERSAL
Número de la Clasificación Decimal Universal 7(460.27 Aranjuez)
100 1# - ENTRADA PRINCIPAL--NOMBRE DE PERSONA
Nombre de persona Florit y Arizcun, J. M.
9 (RLIN) 51351
245 10 - MENCIÓN DEL TÍTULO
Título Aranjuez /
Mención de responsabilidad, etc. cuarenta y ocho ilustraciones, con texto de José Mª Florit.
260 ## - PUBLICACIÓN, DISTRIBUCIÓN, ETC.
Lugar de publicación, distribución, etc. Barcelona :
Nombre del editor, distribuidor, etc. H. de J. Thomas,
Fecha de publicación, distribución, etc. [entre 1911-1928]
300 ## - DESCRIPCIÓN FÍSICA
Extensión 28 p., 48 p. de lám. ;
Dimensiones 16 cm.
490 1# - MENCIÓN DE SERIE
Mención de serie El arte en España / bajo el patronato de la Comisaría Regia del Turismo y Cultura Artística ;
Designación de volumen o secuencia 11
546 ## - NOTA DE IDIOMA
Nota de lengua/lenguaje Texto en español, francés e inglés.
650 #4 - PUNTO DE ACCESO ADICIONAL DE MATERIA--TÉRMINO DE MATERIA
Término de materia o nombre geográfico como elemento de entrada Arte-
Subdivisión geográfica Aranjuez.
9 (RLIN) 175868
651 #4 - PUNTO DE ACCESO ADICIONAL DE MATERIA--NOMBRE GEOGRÁFICO
Nombre geográfico Aranjuez-
Subdivisión general Edificios, estructuras, etc.
9 (RLIN) 175867
710 1# - ENTRADA AGREGADA--NOMBRE DE ENTIDAD CORPORATIVA
Nombre de entidad corporativa o nombre de jurisdicción como elemento de entrada España.
Unidad subordinada Comisaría Regia del Turismo.
9 (RLIN) 175864
830 13 - PUNTO DE ACCESO ADICIONAL DE SERIE-TÍTULO UNIFORME
Título uniforme El arte en España
Designación de volumen o secuencia 11
9 (RLIN) 193591
852 4# - LOCALIZACIÓN
Ubicación ES-MaACL
Número de control de estantería C-32215(3)
Holdings
Estatus retirado Estado de pérdida Estado de daño No para préstamo Biblioteca de origen Biblioteca actual Ubicación en estantería Fecha de adquisición Total de préstamos Signatura topográfica completa Código de barras Visto por última vez Precio de reemplazo Tipo de ítem Koha
        Biblioteca del Ateneo de Madrid Biblioteca del Ateneo de Madrid Depósito 2 22/11/2022   C-32215(3) 1204770 23/02/2023 23/02/2023 Libro impreso